<?xml version="1.0" encoding="UTF-8"?>
<record
    xmlns:xsi="http://www.w3.org/2001/XMLSchema-instance"
    xsi:schemaLocation="http://www.loc.gov/MARC21/slim http://www.loc.gov/standards/marcxml/schema/MARC21slim.xsd"
    xmlns="http://www.loc.gov/MARC21/slim">

  <leader>00853nam a2200253   4500</leader>
  <controlfield tag="003">OSt</controlfield>
  <controlfield tag="005">20260601193853.0</controlfield>
  <controlfield tag="008">260417b2011    |||a|||| e||| 00| 0 spa d</controlfield>
  <datafield tag="020" ind1=" " ind2=" ">
    <subfield code="a">9788425224027</subfield>
  </datafield>
  <datafield tag="040" ind1=" " ind2=" ">
    <subfield code="a">ICI</subfield>
    <subfield code="b">spa</subfield>
    <subfield code="c">ICI</subfield>
  </datafield>
  <datafield tag="041" ind1=" " ind2=" ">
    <subfield code="a">spa</subfield>
    <subfield code="h">eng</subfield>
  </datafield>
  <datafield tag="050" ind1=" " ind2=" ">
    <subfield code="a">NC997</subfield>
    <subfield code="b">K551218</subfield>
  </datafield>
  <datafield tag="100" ind1=" " ind2="1">
    <subfield code="a">Knight, Carolyn</subfield>
    <subfield code="d">1947-</subfield>
    <subfield code="9">32647</subfield>
  </datafield>
  <datafield tag="240" ind1=" " ind2=" ">
    <subfield code="a">Diagrams : innovative solutions for graphic designers</subfield>
    <subfield code="l">Espa&#xF1;ol</subfield>
  </datafield>
  <datafield tag="245" ind1=" " ind2="1">
    <subfield code="a">Diagramas /</subfield>
    <subfield code="b">grandes ejemplos de infograf&#xED;a contempor&#xE1;nea :</subfield>
    <subfield code="c">Carolyn Knight, Jessica Glaser;  [traducci&#xF3;n de Olga Hernando]</subfield>
  </datafield>
  <datafield tag="264" ind1=" " ind2=" ">
    <subfield code="b">Gustavo Gili,</subfield>
    <subfield code="c">2011</subfield>
    <subfield code="a">Barcelona :</subfield>
  </datafield>
  <datafield tag="300" ind1=" " ind2=" ">
    <subfield code="a">224 p&#xE1;ginas</subfield>
    <subfield code="b">ilustraciones</subfield>
  </datafield>
  <datafield tag="336" ind1=" " ind2=" ">
    <subfield code="a">texto</subfield>
    <subfield code="2">rdacontent</subfield>
  </datafield>
  <datafield tag="337" ind1=" " ind2=" ">
    <subfield code="a">sin medio</subfield>
    <subfield code="2">rdamedia</subfield>
  </datafield>
  <datafield tag="338" ind1=" " ind2=" ">
    <subfield code="a">volumen</subfield>
    <subfield code="2">rdacarrier</subfield>
  </datafield>
  <datafield tag="650" ind1=" " ind2=" ">
    <subfield code="a">M&#xE9;todos gr&#xE1;ficos</subfield>
    <subfield code="9">32648</subfield>
  </datafield>
  <datafield tag="700" ind1=" " ind2=" ">
    <subfield code="a">Glaser, Jessica,</subfield>
    <subfield code="e">traductor</subfield>
    <subfield code="9">32649</subfield>
  </datafield>
  <datafield tag="942" ind1=" " ind2=" ">
    <subfield code="2">ddc</subfield>
    <subfield code="c">B</subfield>
  </datafield>
  <datafield tag="999" ind1=" " ind2=" ">
    <subfield code="c">21943</subfield>
    <subfield code="d">21943</subfield>
  </datafield>
  <datafield tag="952" ind1=" " ind2=" ">
    <subfield code="0">0</subfield>
    <subfield code="1">0</subfield>
    <subfield code="2">ddc</subfield>
    <subfield code="4">0</subfield>
    <subfield code="7">0</subfield>
    <subfield code="a">BDIMFM</subfield>
    <subfield code="b">BDIMFM</subfield>
    <subfield code="d">2026-04-18</subfield>
    <subfield code="l">0</subfield>
    <subfield code="o">NC997 K551218</subfield>
    <subfield code="p">BDIMFM000037</subfield>
    <subfield code="r">2026-04-18 17:21:29</subfield>
    <subfield code="t">Ej. 1</subfield>
    <subfield code="w">2026-04-18</subfield>
    <subfield code="y">B</subfield>
  </datafield>
</record>
